000 00383nam a2200145Ia 4500
008 220217s9999||||xx |||||||||||||| ||und||
020 _a81-7808-552-6
082 _a005.16 MUI
100 _aMueller, Scott
245 0 _aUpgrading and repairing PCs
250 _a13th
260 _aPearson education asia
_bDelhi
_c2002
300 _b650
650 _aUPGRADING AND REPAIRING
999 _c170112
_d170112